| 000 | 00328nam a2200109Ia 4500 | ||
|---|---|---|---|
| 008 | 220512s9999 xx 000 0 eng d | ||
| 245 | 0 | _aSeminar on Problems and Prospects of South Asia / | |
| 260 |
_aSilchar : _bG C College, _cJan-06 |
||
| 500 | _aNorth East India Political Science Association | ||
| 546 | _aEnglish | ||
| 942 | _cPR | ||
| 999 |
_c36164 _d36164 |
||